000 00467 a2200205 4500
001 113356
020 _a9780823413645
041 _aeng
090 _aAP SK 523 GIB
092 _a96036826 /AC
100 _aGibbons, Gail.
250 _a. ed.
300 _a[32] p.
697 _aMoon.
856 _u000023/00002386.jpg
040 _aBR-BrIDEA
_cBR-BrIDEA
245 1 0 _aThe moon book
_c Gail Gibbons
260 _aNew York
_bHoliday House
_c1997
942 _cBK
999 _c113356
_d113356